000 00375cam a22001217a 4500
008 180718b1986 xxu||||| |||| 00| 0 eng d
082 _aA81x54 In2/81/5/Pt 10 A
100 _aCensus of India 1981
245 _aGujarat: town directory
260 _aDelhi
_bThe Controller of Publications
_c1986
300 _a262+p.
440 _aCensus of India 1981. Series-5, Gujarat. Part X-A
999 _c482063
_d482063